[Event "Barcelona Tres Peons op 14th"]
[Site "Barcelona"]
[Date "2012.01.13"]
[Round "1"]
[White "Gallart Zafra, Jaume"]
[Black "Santoux Canal, Albert"]
[Result "1-0"]
[WhiteElo "2206"]
[BlackElo "1826"]
[PlyCount "83"]
[EventDate "2012.01.13"]
[EventType "swiss"]
[EventRounds "9"]
[EventCountry "ESP"]
[SourceTitle "EXT 2013"]
[Source "ChessBase"]
[SourceDate "2012.11.22"]
[SourceVersion "1"]
[SourceVersionDate "2012.11.22"]
[SourceQuality "1"]

1. e4 c5 2. Nf3 e6 3. d4 cxd4 4. Nxd4 a6 5. Bd3 Nc6 6. Nb3 Nf6 7. Nc3 Ne5 8. Be2 d6 9. 0-0 Qc7 10. f4 Nc6 11. Qd3 Na5 12. Nxa5 Qxa5 13. Bd2 Qc7 14. Qg3 h5 15. Rae1 h4 16. Qf2 Be7 17. f5 e5 18. Bg5 Bd7 19. Be3 Bc6 20. Bf3 b5 21. a3 Qb7 22. Bc1 a5 23. Qd2 0-0 24. Kh1 b4 25. Nd5 Nxd5 26. exd5 Bb5 27. Be2 Bxe2 28. Rxe2 bxa3 29. bxa3 Rfc8 30. Qd3 Bf6 31. Be3 Qb2 32. c4 Qb7 33. Rb1 Qa6 34. Rb5 Rc7 35. Rc2 Rb7 36. a4 Bd8 37. Qb3 Rab8 38. h3 Qa8 39. Qd3 Rxb5 40. cxb5 Rc8 41. Rc6 Qb8 42. Qc4 1-0